Statistics for Countries With The Most Aircraft Exports

Click here to take the quiz!

General Stats

  • This quiz has been taken 28 times
  • The average score is 11 of 15

Answer Stats

Value (Billions USD)Country% Correct
59.2United States
100%
1.35China
96%
49.1France
96%
34.1Germany
96%
5.65United Kingdom
96%
7.39Canada
93%
0.77Japan
93%
1.61Italy
89%
1.99Spain
89%
0.77India
81%
5.53Brazil
78%
2.57Ireland
52%
1.20Switzerland
30%
1.30Pakistan
26%
0.62Thailand
15%

Score Distribution

Percentile by Number Answered

Percent of People with Each Score

Your Score History

You have not taken this quiz